| 000 | 003030000a22000970004500 | ||
|---|---|---|---|
| 100 | 1 | _aCarey, Keith | |
| 245 | 1 | 0 | _aReaching buddhist through the wisfom literature of the Old Testament |
| 300 | _aVol. 2, Núm 4 (1985), Páginas 335-342 | ||
| 773 | 0 | _tInternational Journal of Frontier Misions | |
| 942 | _cANA | ||
| 999 |
_c55079 _d55079 |
||